[Event "83rd Tata Steel Masters 2021"]
[Site "Wijk aan Zee"]
[Date "2021.01.24"]
[Round "8.4"]
[White "Vachier-Lagrave, Maxime"]
[Black "Van Foreest, Jorden"]
[Result "1/2-1/2"]
[WhiteElo "2784"]
[BlackElo "2671"]
[Annotator "TA"]
[PlyCount "64"]
[EventDate "2021.01.16"]
[EventType "tourn"]
[EventCountry "NED"]
[SourceTitle "playchess.com"]
[Source "ChessBase"]
[SourceQuality "1"]

1. e4 e5 2. Nf3 Nc6 3. Bb5 a6 4. Ba4 Nf6 5. O-O Bc5 6. c3 O-O 7. d4 Ba7 8. Bg5 h6 9. Bh4 d6 10. Bxc6 bxc6 11. dxe5 dxe5 12. Nxe5 Qe7 13. Nxc6 Qxe4 14. Nxa7 Bh3 15. gxh3 Rfd8 16. Nd2 Qxh4 17. Qf3 Rxa7 18. Nb3 c5 19. Qg3 Qh5 20. Rae1 Rd5 21. f4 Rad7 22. Re5 Rxe5 23. fxe5 Ne4 24. Qg4 Qxg4+ 25. hxg4 Rd5 26. Re1 Nd2 27. Nxd2 Rxd2 28. e6 fxe6 29. Rxe6 Rxb2 30. Rxa6 Rc2 31. Rc6 Rxc3 32. Kg2 Ra3 1/2-1/2

[Event "85th Tata Steel Masters 2023"]
[Site "Wijk aan Zee"]
[Date "2023.01.22"]
[Round "8.4"]
[White "Giri, Anish"]
[Black "Keymer, Vincent"]
[Result "1/2-1/2"]
[WhiteElo "2764"]
[BlackElo "2696"]
[Annotator "TA"]
[PlyCount "55"]
[EventDate "2023.01.10"]
[EventType "tourn"]
[EventCountry "NED"]
[SourceTitle "playchess.com"]
[Source "ChessBase"]
[SourceQuality "1"]

1. e4 e5 2. Nf3 Nc6 3. Bc4 Nf6 4. d3 Bc5 5. Bg5 h6 6. Bh4 d6 7. c3 g5 8. Bg3 a6 9. Nbd2 Ba7 10. O-O O-O 11. b4 Nh7 12. Kh1 Kh8 13. a4 f5 14. exf5 Bxf5 15. Qe2 Nf6 16. b5 Na5 17. bxa6 bxa6 18. Bxa6 Nd5 19. Rac1 Re8 20. Rfe1 Nf4 21. Bxf4 exf4 22. Qxe8+ Qxe8 23. Rxe8+ Rxe8 24. d4 g4 25. Ne1 d5 26. Kg1 c5 27. Bd3 Bd7 28. dxc5 1/2-1/2

[Event "84th Tata Steel Masters 2022"]
[Site "Wijk aan Zee"]
[Date "2022.01.23"]
[Round "8.4"]
[White "Karjakin, Sergey"]
[Black "Rapport, Richard"]
[Result "1/2-1/2"]
[WhiteElo "2743"]
[BlackElo "2763"]
[Annotator "TA"]
[PlyCount "45"]
[EventDate "2022.01.15"]
[EventType "tourn"]
[EventCountry "NED"]
[SourceTitle "playchess.com"]
[Source "ChessBase"]
[SourceQuality "1"]

1. e4 e6 2. d4 d5 3. e5 c5 4. c3 Nc6 5. Nf3 Nge7 6. h4 Nf5 7. Bd3 cxd4 8. Bxf5 exf5 9. cxd4 Be6 10. Nc3 Bb4 11. Bd2 Bxc3 12. Bxc3 a5 13. O-O h6 14. Qd2 Qe7 15. a4 O-O 16. Rfb1 Rfc8 17. b4 b6 18. bxa5 Nxa5 19. Bxa5 bxa5 20. Rb5 Qc7 21. Rc5 Qb6 22. Rb5 Qc7 23. Rc5 1/2-1/2

[Event "82nd Tata Steel Masters 2020"]
[Site "Wijk aan Zee"]
[Date "2020.01.19"]
[Round "8.4"]
[White "Dubov, Daniil"]
[Black "So, Wesley"]
[Result "1/2-1/2"]
[WhiteElo "2683"]
[BlackElo "2765"]
[Annotator "TA"]
[PlyCount "39"]
[EventDate "2020.01.11"]
[EventType "tourn"]
[EventCountry "NED"]
[SourceTitle "playchess.com"]
[Source "ChessBase"]
[SourceQuality "1"]

1. d4 Nf6 2. c4 e6 3. Nf3 d5 4. Nc3 Bb4 5. Bg5 h6 6. Bxf6 Qxf6 7. e3 O-O 8. Qb3 c5 9. cxd5 exd5 10. dxc5 Bxc3+ 11. Qxc3 Qxc3+ 12. bxc3 Nd7 13. Rd1 Nf6 14. c4 Be6 15. Nd4 Rfc8 16. Nxe6 fxe6 17. cxd5 Nxd5 18. Rc1 Rc7 19. e4 Nf6 20. Bd3 1/2-1/2

[Event "85th Tata Steel Challengers 2023"]
[Site "Wijk aan Zee"]
[Date "2023.01.22"]
[Round "8.4"]
[White "L'Ami, Erwin"]
[Black "Beerdsen, Thomas"]
[Result "1/2-1/2"]
[WhiteElo "2627"]
[BlackElo "2515"]
[Annotator "TA"]
[PlyCount "93"]
[EventDate "2023.01.10"]
[EventType "tourn"]
[EventCountry "NED"]
[SourceTitle "playchess.com"]
[Source "ChessBase"]
[SourceQuality "1"]

1. d4 d5 2. c4 c6 3. Nc3 Nf6 4. e3 e6 5. b3 Nbd7 6. Bb2 Bd6 7. Bd3 O-O 8. c5 Bc7 9. f4 b6 10. cxb6 axb6 11. Nf3 Ba6 12. O-O Bxd3 13. Qxd3 b5 14. Rfc1 Qb8 15. Rc2 Qb7 16. Rac1 Rfc8 17. h3 h6 18. g4 Bd8 19. g5 hxg5 20. Nxg5 Be7 21. Kh2 c5 22. dxc5 Rxc5 23. Rg1 Bf8 24. Rcg2 e5 25. b4 Rc4 26. a3 exf4 27. exf4 Rxf4 28. Nxb5 Re8 29. Nd4 Ne5 30. Qd1 Qb6 31. Ndf3 Nfg4+ 32. Rxg4 Nxg4+ 33. hxg4 Qh6+ 34. Kg2 Rxg4+ 35. Kf2 Rf4 36. Qxd5 Qh2+ 37. Rg2 Qh1 38. Rg1 Qh4+ 39. Rg3 Qh1 40. Rg1 Qh4+ 41. Rg3 Qh2+ 42. Rg2 Qh4+ 43. Kg1 Rxf3 44. Nxf3 Re1+ 45. Nxe1 Qxe1+ 46. Kh2 Qh4+ 47. Kg1 1/2-1/2

[Event "84th Tata Steel Challengers 2022"]
[Site "Wijk aan Zee"]
[Date "2022.01.23"]
[Round "8.4"]
[White "Warmerdam, Max"]
[Black "L'Ami, Erwin"]
[Result "1/2-1/2"]
[WhiteElo "2599"]
[BlackElo "2622"]
[Annotator "TA"]
[PlyCount "92"]
[EventDate "2022.01.15"]
[EventType "tourn"]
[EventCountry "NED"]
[SourceTitle "playchess.com"]
[Source "ChessBase"]
[SourceQuality "1"]

1. Nf3 d5 2. c4 c6 3. g3 Nf6 4. Bg2 dxc4 5. Qc2 b5 6. O-O Bb7 7. Ne1 e6 8. d3 cxd3 9. Nxd3 Be7 10. Rd1 O-O 11. a4 Qc8 12. Bg5 Nbd7 13. axb5 c5 14. Bxb7 Qxb7 15. Qa4 Rfc8 16. Nd2 h6 17. Bxf6 Bxf6 18. Rdc1 Rcb8 19. Ne4 Qxb5 20. Nxf6+ Nxf6 21. Rxc5 Qxa4 22. Rxa4 Rb7 23. Rca5 Nd7 24. f4 Nb6 25. Ra2 g6 26. Kf2 Nd5 27. R2a4 h5 28. Kf3 Kg7 29. h3 Nb6 30. Ra2 Nd5 31. R2a4 Nb6 32. Ra2 Nd5 33. R5a4 Nb6 34. Ra6 Nd5 35. R2a4 Nb6 36. Ra2 Nd5 37. R2a4 Nb6 38. Ra1 Nd5 39. R6a4 Nb6 40. Ra6 Nd5 41. R6a4 Nb6 42. R4a2 Nd5 43. Ra5 Nb4 44. Nxb4 Rxb4 45. Rxa7 Rxa7 46. Rxa7 Rxb2 1/2-1/2

[Event "Tata Steel Tienkampen 2023"]
[Site "Wijk aan Zee"]
[Date "2023.01.28"]
[Round "8.4"]
[White "Pham, Khoi"]
[Black "Culum, Sanjin"]
[Result "1-0"]
[WhiteElo "2353"]
[BlackElo "2242"]
[Annotator "TA"]
[PlyCount "139"]
[EventDate "2023.01.20"]
[EventType "swiss"]
[EventCountry "NED"]
[SourceTitle "playchess.com"]
[Source "ChessBase"]
[SourceQuality "1"]

1. e4 c5 2. Nf3 Nc6 3. Bb5 g6 4. Bxc6 bxc6 5. d4 Bg7 6. dxc5 Qa5+ 7. Nbd2 Qxc5 8. O-O d6 9. Re1 Nh6 10. Nb3 Qb6 11. h3 f6 12. c4 c5 13. Bd2 Nf7 14. Ba5 Qc6 15. Bc3 Be6 16. Na5 Qb6 17. Rb1 O-O 18. a3 Ne5 19. Bxe5 Qxa5 20. Bc3 Qa6 21. b3 Bh6 22. Nh2 Qc6 23. Ng4 Bg7 24. Ne3 Rae8 25. Nd5 Bc8 26. b4 e6 27. b5 Qd7 28. Nf4 Bb7 29. a4 Qc7 30. Nd3 Qf7 31. a5 e5 32. a6 Ba8 33. Qa4 f5 34. f3 fxe4 35. fxe4 g5 36. Qa2 h5 37. Nf2 g4 38. hxg4 hxg4 39. Qe2 g3 40. Nh3 Qg6 41. b6 axb6 42. Rxb6 Rb8 43. Ba5 Rxb6 44. Bxb6 Rb8 45. Bc7 Rc8 46. Ba5 Rc6 47. a7 Rc8 48. Rb1 Bxe4 49. Rb8 Rf8 50. Ng5 Bc6 51. Qg4 Bf6 52. Qe6+ Kg7 53. Qxd6 Qxg5 54. Qxf8+ Kh7 55. Qf7+ Bg7 56. Qg8+ Kg6 57. Qe6+ Kh7 58. Bd2 Qxd2 59. Qf5+ Kh6 60. Qh3+ Kg6 61. Qxg3+ Kh7 62. a8=Q Bxa8 63. Rxa8 Qd4+ 64. Kh2 e4 65. Qh4+ Kg6 66. Qg4+ Kf7 67. Ra7+ Kg8 68. Qe6+ Kh7 69. Qf5+ Kg8 70. Ra8+ 1-0

[Event "82nd Tata Steel Qualifiers 2020"]
[Site "Wijk aan Zee"]
[Date "2020.01.25"]
[Round "8.4"]
[White "De Boer, Eelke"]
[Black "Van Dael, Siem"]
[Result "1-0"]
[WhiteElo "2324"]
[BlackElo "2252"]
[Annotator "TA"]
[PlyCount "93"]
[EventDate "2020.01.18"]
[EventCountry "NED"]
[SourceTitle "playchess.com"]
[Source "ChessBase"]
[SourceQuality "1"]

1. e4 c5 2. Nf3 d6 3. d4 cxd4 4. Nxd4 Nf6 5. Nc3 g6 6. Be2 Bg7 7. O-O O-O 8. Bg5 Nc6 9. Nb3 h6 10. Bh4 a6 11. a4 Be6 12. Kh1 Nd7 13. Rb1 Bxb3 14. cxb3 Rb8 15. f4 Nc5 16. Bf3 Ne6 17. Nd5 g5 18. fxg5 hxg5 19. Bf2 Ned4 20. Be3 e6 21. Nc3 Be5 22. Bh5 f5 23. exf5 exf5 24. Ne2 Ne6 25. Qd5 Qd7 26. Bxg5 Nb4 27. Qc4 b5 28. axb5 axb5 29. Qh4 Nd5 30. Bf3 Nf6 31. Bxf6 Rxf6 32. Bd5 Kg7 33. Bxe6 Qxe6 34. Nf4 Bxf4 35. Rxf4 Rh8 36. Qg5+ Kf7 37. Rbf1 Qe2 38. R4f2 Qd3 39. h3 Qe4 40. Rf3 Rg8 41. Qd2 Re8 42. Rf4 Qe5 43. Qd3 Qxb2 44. Rxf5 Ree6 45. Rxf6+ Rxf6 46. Qh7+ Ke6 47. Qg8+ 1-0

[Event "86th Tata Steel Tienkamp 2024"]
[Site "Wijk aan Zee"]
[Date "2024.01.27"]
[Round "8.4"]
[White "Bekker, Stefan"]
[Black "Baselmans, Luuk"]
[Result "1/2-1/2"]
[WhiteElo "2274"]
[BlackElo "2323"]
[Annotator "TA"]
[PlyCount "71"]
[EventDate "2024.01.02"]
[EventType "tourn"]
[EventCountry "NED"]
[SourceTitle "playchess.com"]
[Source "ChessBase"]
[SourceQuality "1"]

1. Nf3 d5 2. g3 Nf6 3. Bg2 e6 4. O-O Be7 5. d4 O-O 6. c4 c6 7. b3 Nbd7 8. Nc3 a5 9. Qc2 b6 10. e4 dxe4 11. Nxe4 Nxe4 12. Qxe4 Bb7 13. Bb2 Qc7 14. Rad1 Rfe8 15. Qc2 Rad8 16. Rfe1 Bf6 17. h4 h6 18. Bc1 e5 19. dxe5 Nxe5 20. Bf4 Rxd1 21. Qxd1 Nxf3+ 22. Bxf3 Rxe1+ 23. Qxe1 Qe7 24. Qd2 Qd8 25. Qe2 Qd7 26. Qe4 Qe7 27. Qd3 Qd8 28. Qe3 Bd4 29. Qe4 Bc5 30. Kg2 Qd7 31. h5 Bc8 32. g4 Qe6 33. Qxe6 Bxe6 34. Kg3 b5 35. Be2 a4 36. cxb5 1/2-1/2

[Event "83rd Tata Steel Masters 2021"]
[Site "Wijk aan Zee"]
[Date "2021.01.24"]
[Round "8.5"]
[White "Caruana, Fabiano"]
[Black "Giri, Anish"]
[Result "1/2-1/2"]
[WhiteElo "2823"]
[BlackElo "2764"]
[Annotator "TA"]
[PlyCount "96"]
[EventDate "2021.01.16"]
[EventType "tourn"]
[EventCountry "NED"]
[SourceTitle "playchess.com"]
[Source "ChessBase"]
[SourceQuality "1"]

1. d4 Nf6 2. Nc3 d5 3. Bf4 g6 4. e3 Bg7 5. Be2 c6 6. Qd2 a5 7. Nf3 Bg4 8. Ne5 Bxe2 9. Qxe2 a4 10. a3 Nh5 11. h4 Nxf4 12. exf4 h5 13. O-O-O Nd7 14. g4 hxg4 15. Qxg4 Nf6 16. Qf3 e6 17. Kb1 Nh5 18. Ne2 Bf6 19. Ng3 Qc7 20. Qe3 Qe7 21. Rde1 Ng7 22. Qd2 Rxh4 23. Rxh4 Bxh4 24. Rh1 Nf5 25. Nxf5 gxf5 26. Qc3 Bf6 27. Nxc6 Qc7 28. Qg3 Kd7 29. Ne5+ Bxe5 30. fxe5 Rd8 31. Qg7 Kc8 32. Rh8 Qe7 33. Rxd8+ Kxd8 34. Qg8+ Kc7 35. Ka2 f6 36. exf6 Qxf6 37. Qg3+ f4 38. Qc3+ Kb8 39. f3 Qg6 40. b3 axb3+ 41. Kxb3 Qg1 42. Kb2 Qf1 43. a4 Qa6 44. Qb4 Ka7 45. Kb3 Qf1 46. Qa5+ Kb8 47. Qd8+ Ka7 48. Qa5+ Kb8 1/2-1/2

[Event "85th Tata Steel Masters 2023"]
[Site "Wijk aan Zee"]
[Date "2023.01.22"]
[Round "8.5"]
[White "Rapport, Richard"]
[Black "Praggnanandhaa R"]
[Result "1-0"]
[WhiteElo "2740"]
[BlackElo "2684"]
[Annotator "TA"]
[PlyCount "79"]
[EventDate "2023.01.10"]
[EventType "tourn"]
[EventCountry "NED"]
[SourceTitle "playchess.com"]
[Source "ChessBase"]
[SourceQuality "1"]

1. e4 e5 2. Nf3 Nc6 3. Bc4 Bc5 4. c3 Nf6 5. d3 d6 6. Nbd2 a6 7. Bb3 O-O 8. Nf1 Ne7 9. Bg5 Ng6 10. h4 Re8 11. h5 Nf4 12. Ng3 h6 13. Bxf4 exf4 14. Ne2 Ng4 15. Rf1 Nf6 16. Qc2 Bg4 17. O-O-O Ba7 18. Nxf4 c6 19. Rde1 Nxh5 20. Qd2 Qf6 21. Nxh5 Bxh5 22. Rh1 Bxf3 23. gxf3 Qxf3 24. Rh2 Kf8 25. Bd1 Qf6 26. f4 Ke7 27. d4 Kd7 28. e5 Qe7 29. Rg2 g6 30. f5 gxf5 31. Rg7 Rf8 32. e6+ Kc7 33. Bh5 Qf6 34. Rxf7+ Rxf7 35. exf7 Rf8 36. Qe3 Rxf7 37. Bxf7 Qxf7 38. Qe7+ Qxe7 39. Rxe7+ Kb6 40. c4 1-0

[Event "84th Tata Steel Masters 2022"]
[Site "Wijk aan Zee"]
[Date "2022.01.23"]
[Round "8.5"]
[White "Vidit, Santosh Gujrathi"]
[Black "Grandelius, Nils"]
[Result "1-0"]
[WhiteElo "2727"]
[BlackElo "2672"]
[Annotator "TA"]
[PlyCount "67"]
[EventDate "2022.01.15"]
[EventType "tourn"]
[EventCountry "NED"]
[SourceTitle "playchess.com"]
[Source "ChessBase"]
[SourceQuality "1"]

1. d4 Nf6 2. Nf3 g6 3. Nbd2 Bg7 4. e4 O-O 5. e5 Nh5 6. g4 Nf4 7. Ne4 d5 8. Ng3 Ne6 9. Nf5 c5 10. Nxg7 Nxg7 11. h3 cxd4 12. Bh6 Qa5+ 13. Qd2 Qxd2+ 14. Nxd2 Nc6 15. f4 f6 16. exf6 exf6 17. O-O-O Re8 18. Nb3 Ne6 19. Bg2 Nc7 20. f5 gxf5 21. Rhf1 Kf7 22. gxf5 Rg8 23. Rd2 Ne5 24. Nxd4 Bd7 25. b3 Rae8 26. a4 a6 27. Bf4 Re7 28. Rff2 Bc6 29. Kb2 Rd7 30. Ka3 Ne8 31. c4 Ng7 32. Nxc6 bxc6 33. cxd5 Rgd8 34. dxc6 1-0

[Event "82nd Tata Steel Masters 2020"]
[Site "Wijk aan Zee"]
[Date "2020.01.19"]
[Round "8.5"]
[White "Van Foreest, Jorden"]
[Black "Firouzja, Alireza"]
[Result "1/2-1/2"]
[WhiteElo "2644"]
[BlackElo "2723"]
[Annotator "TA"]
[PlyCount "73"]
[EventDate "2020.01.11"]
[EventType "tourn"]
[EventCountry "NED"]
[SourceTitle "playchess.com"]
[Source "ChessBase"]
[SourceQuality "1"]

1. e4 c5 2. Nf3 d6 3. d4 cxd4 4. Nxd4 Nf6 5. Nc3 a6 6. Rg1 Nc6 7. g4 g6 8. g5 Nd7 9. h4 Nxd4 10. Qxd4 Ne5 11. Kd1 Rg8 12. Nd5 Be6 13. Qb4 Rb8 14. f4 Nc6 15. Qb6 Qxb6 16. Nxb6 Bg7 17. c3 f5 18. gxf6 Bxf6 19. Nd5 Kd7 20. Rh1 Bg4+ 21. Be2 Bxe2+ 22. Kxe2 b5 23. Be3 Bg7 24. Rad1 b4 25. e5 bxc3 26. bxc3 Rb2+ 27. Kf3 Rf8 28. exd6 exd6 29. Rb1 Rb5 30. Rxb5 axb5 31. Rb1 Rb8 32. h5 gxh5 33. Rg1 Bh8 34. Rg5 Ne7 35. Nxe7 Kxe7 36. Rxh5 Bxc3 37. Ke4 1/2-1/2

[Event "85th Tata Steel Challengers 2023"]
[Site "Wijk aan Zee"]
[Date "2023.01.22"]
[Round "8.5"]
[White "Warmerdam, Max"]
[Black "Tabatabaei, M. Amin"]
[Result "1/2-1/2"]
[WhiteElo "2616"]
[BlackElo "2686"]
[Annotator "TA"]
[PlyCount "34"]
[EventDate "2023.01.10"]
[EventType "tourn"]
[EventCountry "NED"]
[SourceTitle "playchess.com"]
[Source "ChessBase"]
[SourceQuality "1"]

1. Nf3 d5 2. g3 g6 3. Bg2 Bg7 4. d4 Nf6 5. c4 c6 6. cxd5 cxd5 7. Nc3 O-O 8. Ne5 e6 9. O-O Bd7 10. Bf4 Nc6 11. Qd2 Qb6 12. Rfd1 Nxe5 13. Bxe5 Rfc8 14. Rac1 Bc6 15. h4 a6 16. Rc2 Qd8 17. Rdc1 Ne8 1/2-1/2

[Event "84th Tata Steel Challengers 2022"]
[Site "Wijk aan Zee"]
[Date "2022.01.23"]
[Round "8.5"]
[White "Murzin, Volodar"]
[Black "Maurizzi, Marc`Andria"]
[Result "1/2-1/2"]
[WhiteElo "2519"]
[BlackElo "2496"]
[Annotator "TA"]
[PlyCount "131"]
[EventDate "2022.01.15"]
[EventType "tourn"]
[EventCountry "NED"]
[SourceTitle "playchess.com"]
[Source "ChessBase"]
[SourceQuality "1"]

1. Nf3 Nf6 2. d4 e6 3. c4 a6 4. Nc3 d5 5. cxd5 exd5 6. Bg5 Be6 7. g3 Nbd7 8. Bg2 Bd6 9. O-O c6 10. Qc2 h6 11. Bf4 Qc7 12. e3 O-O 13. Nh4 Rfe8 14. Nf5 Bxf5 15. Qxf5 g6 16. Qc2 Bxf4 17. gxf4 Nb6 18. Kh1 Qd7 19. Rg1 Kh7 20. Bf1 Ne4 21. Bd3 f5 22. Rg2 Re6 23. Ne2 Rc8 24. b4 Nc4 25. Ng1 a5 26. a3 Ra8 27. Ra2 b5 28. Nf3 Qa7 29. bxa5 Qxa5 30. Ne5 Nxa3 31. Rxa3 Qxa3 32. f3 Qc3 33. fxe4 Ra1+ 34. Rg1 Rxg1+ 35. Kxg1 Qe1+ 36. Kg2 fxe4 37. Bxb5 Qxe3 38. Bxc6 Qxf4 39. Bxd5 Qg5+ 40. Kh1 Re7 41. Qc8 Re8 42. Qc6 Rxe5 43. dxe5 Qxe5 44. Bxe4 Qa1+ 45. Kg2 Qa2+ 46. Kg3 Qb3+ 47. Kg2 Qa2+ 48. Bc2 Qf7 49. Kg3 Kg7 50. Bd3 Qf6 51. Qc7+ Qf7 52. Qc5 Qe6 53. Qc7+ Qf7 54. Qe5+ Qf6 55. Qd5 Qf7 56. Qc5 Qe6 57. Kf2 Qa2+ 58. Ke3 Qe6+ 59. Kd2 Qa2+ 60. Bc2 Qe6 61. Kc3 Qf6+ 62. Kb4 Qf8 63. Qxf8+ Kxf8 64. Kc5 Kg7 65. Kd5 Kf6 66. Ke4 1/2-1/2

[Event "Tata Steel Tienkampen 2023"]
[Site "Wijk aan Zee"]
[Date "2023.01.28"]
[Round "8.5"]
[White "Martins, Vinicius Tine"]
[Black "Lopez, Jasel"]
[Result "0-1"]
[WhiteElo "2320"]
[BlackElo "2434"]
[Annotator "TA"]
[PlyCount "110"]
[EventDate "2023.01.20"]
[EventType "swiss"]
[EventCountry "NED"]
[SourceTitle "playchess.com"]
[Source "ChessBase"]
[SourceQuality "1"]

1. d4 d5 2. Nf3 Nf6 3. c4 c6 4. Nc3 dxc4 5. a4 Bf5 6. g3 Ne4 7. Nh4 Nxc3 8. bxc3 Bg4 9. h3 Bh5 10. Bg2 e6 11. a5 Be7 12. Nf3 Nd7 13. Nd2 b5 14. Bxc6 a6 15. Bxa8 Qxa8 16. O-O O-O 17. Ba3 Bxa3 18. Rxa3 f5 19. f4 Nf6 20. Qe1 Be8 21. e4 fxe4 22. Rf2 Qd5 23. Nf1 Bh5 24. Ne3 Qd6 25. Ra1 Bf3 26. Kh2 h5 27. h4 Qd8 28. Qf1 Ng4+ 29. Nxg4 hxg4 30. Qe1 Rxf4 31. Qe3 Rf5 32. Raf1 Qxa5 33. d5 exd5 34. Qc5 Qd8 35. Rd2 Rh5 36. Kg1 Qb8 37. Kf2 Rf5 38. Rg1 Qe5 39. Qd4 Qe6 40. Qe3 a5 41. Ra1 a4 42. Rb1 Bd1+ 43. Ke1 Bb3 44. Rf2 a3 45. Kd2 a2 46. Rbf1 d4 47. cxd4 Rxf2+ 48. Qxf2 Qe7 49. Qf5 c3+ 50. Kxc3 Bc4 51. Kc2 Bxf1 52. Qxf1 Qa3 53. Qf5 Qd3+ 54. Kb2 Qb1+ 55. Ka3 a1=Q# 0-1

[Event "82nd Tata Steel Masters 2020"]
[Site "Wijk aan Zee"]
[Date "2020.01.19"]
[Round "8.6"]
[White "Caruana, Fabiano"]
[Black "Anand, Viswanathan"]
[Result "1-0"]
[WhiteElo "2822"]
[BlackElo "2758"]
[Annotator "TA"]
[PlyCount "121"]
[EventDate "2020.01.11"]
[EventType "tourn"]
[EventCountry "NED"]
[SourceTitle "playchess.com"]
[Source "ChessBase"]
[SourceQuality "1"]

1. d4 Nf6 2. c4 e6 3. Nf3 d5 4. Nc3 Bb4 5. cxd5 exd5 6. Bf4 O-O 7. e3 Bf5 8. Qb3 Nc6 9. Bg5 a5 10. Bxf6 Qxf6 11. a3 a4 12. Qxd5 Bxc3+ 13. bxc3 Na5 14. Qe5 Qc6 15. c4 Nb3 16. Qxf5 Nxa1 17. Bd3 g6 18. Qf4 Nb3 19. O-O Qd6 20. Qh6 Qf6 21. c5 b6 22. cxb6 cxb6 23. Ne5 Rfc8 24. f4 Rc1 25. Rxc1 Nxc1 26. Bc4 Ra7 27. Ng4 Qd6 28. Qg5 Qe7 29. Qb5 Kg7 30. f5 f6 31. Qd5 Qf8 32. fxg6 hxg6 33. e4 Qc8 34. h3 Rd7 35. Qe6 Qd8 36. e5 f5 37. Qf6+ Qxf6 38. exf6+ Kh7 39. Ne5 Rd6 40. f7 Kg7 41. Nf3 Nb3 42. Ng5 Nd2 43. Be6 Rd8 44. Kf2 Kf6 45. Bd7 Ne4+ 46. Nxe4+ fxe4 47. Be8 Ke7 48. Ke3 Rb8 49. Bxa4 b5 50. Bb3 Ra8 51. Kxe4 Rxa3 52. Be6 Ra1 53. d5 Rd1 54. Ke5 Rf1 55. d6+ Kf8 56. Kd5 Rf6 57. d7 Ke7 58. Kc6 Rf2 59. Kxb5 Rb2+ 60. Kc6 Rb8 61. Kc7 1-0

[Event "84th Tata Steel Masters 2022"]
[Site "Wijk aan Zee"]
[Date "2022.01.23"]
[Round "8.6"]
[White "Caruana, Fabiano"]
[Black "Van Foreest, Jorden"]
[Result "1/2-1/2"]
[WhiteElo "2792"]
[BlackElo "2702"]
[Annotator "TA"]
[PlyCount "53"]
[EventDate "2022.01.15"]
[EventType "tourn"]
[EventCountry "NED"]
[SourceTitle "playchess.com"]
[Source "ChessBase"]
[SourceQuality "1"]

1. e4 e5 2. Nf3 Nc6 3. Bb5 a6 4. Ba4 Nf6 5. O-O Nxe4 6. d4 b5 7. Bb3 d5 8. dxe5 Be6 9. c3 Bc5 10. Nbd2 O-O 11. Bc2 Nxf2 12. Rxf2 f6 13. Nf1 Bxf2+ 14. Kxf2 fxe5 15. Kg1 Qd6 16. Be3 Rad8 17. Qe1 Bf5 18. Bxf5 Rxf5 19. Rd1 h6 20. Bf2 Rf7 21. Bg3 Qc5+ 22. Bf2 Qd6 23. Qe2 Rdf8 24. Bg3 Qc5+ 25. Bf2 Qd6 26. Bg3 Qc5+ 27. Bf2 1/2-1/2

[Event "85th Tata Steel Masters 2023"]
[Site "Wijk aan Zee"]
[Date "2023.01.22"]
[Round "8.6"]
[White "Van Foreest, Jorden"]
[Black "Erigaisi Arjun"]
[Result "1-0"]
[WhiteElo "2681"]
[BlackElo "2722"]
[Annotator "TA"]
[PlyCount "107"]
[EventDate "2023.01.10"]
[EventType "tourn"]
[EventCountry "NED"]
[SourceTitle "playchess.com"]
[Source "ChessBase"]
[SourceQuality "1"]

1. c4 Nf6 2. Nc3 g6 3. e4 d6 4. d4 Bg7 5. Nf3 O-O 6. Be2 e5 7. O-O h6 8. Rb1 exd4 9. Nxd4 Re8 10. f3 c6 11. Bf4 Nh5 12. Be3 f5 13. Qd2 f4 14. Bf2 Qg5 15. Rfd1 Nd7 16. b4 Ne5 17. Kh1 Qf6 18. Rbc1 Qf7 19. a4 b6 20. Qa2 Rb8 21. a5 Bd7 22. a6 Red8 23. Nc2 Be6 24. Nd4 Bd7 25. Rd2 Kh7 26. Rdd1 Qe7 27. Qd2 Rbc8 28. Bf1 Be8 29. Nce2 Qf7 30. Nc3 Qg8 31. Qe1 Bf7 32. b5 c5 33. Nc6 Rd7 34. Nxa7 Rxa7 35. Rxd6 Nxc4 36. Bxc4 Bxc4 37. Rxb6 Nf6 38. e5 Nd7 39. Rxg6 Nxe5 40. Rd6 Re8 41. Qd2 Qf7 42. Bxc5 Rc7 43. Bg1 Rcc8 44. a7 Be6 45. Ne4 Nc4 46. Qd3 Bf5 47. Ra6 Bxe4 48. fxe4 Ne5 49. Qf1 Rxc1 50. Qxc1 f3 51. Qf1 fxg2+ 52. Kxg2 Qb7 53. Qf5+ Kg8 54. Bd4 1-0

[Event "84th Tata Steel Challengers 2022"]
[Site "Wijk aan Zee"]
[Date "2022.01.23"]
[Round "8.6"]
[White "Dardha, Daniel"]
[Black "Shuvalova, Polina"]
[Result "1-0"]
[WhiteElo "2533"]
[BlackElo "2516"]
[Annotator "TA"]
[PlyCount "43"]
[EventDate "2022.01.15"]
[EventType "tourn"]
[EventCountry "NED"]
[SourceTitle "playchess.com"]
[Source "ChessBase"]
[SourceQuality "1"]

1. c4 e6 2. Nc3 d5 3. d4 c5 4. cxd5 exd5 5. Nf3 Nf6 6. Bg5 Be6 7. e3 c4 8. Ne5 Qa5 9. Bxf6 gxf6 10. Nf3 Nc6 11. g3 Bf5 12. a3 O-O-O 13. Nh4 Be6 14. Bg2 Be7 15. O-O f5 16. Nf3 Kb8 17. b4 Qc7 18. Rb1 Ka8 19. Qa4 Nb8 20. Nb5 Qb6 21. Qxa7+ Qxa7 22. Nc7# 1-0

[Event "82nd Tata Steel Challengers 2020"]
[Site "Wijk aan Zee"]
[Date "2020.01.19"]
[Round "8.6"]
[White "Saduakassova, Dinara"]
[Black "Grandelius, Nils"]
[Result "0-1"]
[WhiteElo "2519"]
[BlackElo "2673"]
[Annotator "TA RC"]
[PlyCount "60"]
[EventDate "2020.01.11"]
[EventType "tourn"]
[EventCountry "NED"]
[SourceTitle "playchess.com"]
[Source "ChessBase"]
[SourceQuality "1"]

1. d4 Nf6 2. c4 g6 3. g3 Bg7 4. Bg2 d5 5. cxd5 Nxd5 6. Nf3 Nb6 7. Nc3 Nc6 8. O-O Nxd4 9. Nxd4 Qxd4 10. Qxd4 Bxd4 11. a4 Bxc3 12. bxc3 a5 13. Bf4 c6 14. Bc7 Nd7 15. Rfd1 O-O 16. c4 Re8 17. Ra3 Nc5 18. Bb6 Na6 19. c5 Nb4 20. e4 f5 21. Bh3 fxe4 22. Bxc8 Rexc8 23. Rd7 Nd5 24. Rxb7 Kf7 25. Kf1 Ke6 26. Ke2 Rf8 27. Bc7 h5 28. Rab3 Rf5 29. Bb8 Nf6 30. Rc3 Ng4 0-1

[Event "85th Tata Steel Challengers 2023"]
[Site "Wijk aan Zee"]
[Date "2023.01.22"]
[Round "8.6"]
[White "Roebers, Eline"]
[Black "Vaishali, Rameshbabu"]
[Result "1/2-1/2"]
[WhiteElo "2361"]
[BlackElo "2425"]
[Annotator "TA"]
[PlyCount "80"]
[EventDate "2023.01.10"]
[EventType "tourn"]
[EventCountry "NED"]
[SourceTitle "playchess.com"]
[Source "ChessBase"]
[SourceQuality "1"]

1. e4 c5 2. Nf3 e6 3. d4 cxd4 4. Nxd4 Nf6 5. Nc3 Nc6 6. Ndb5 d6 7. Bf4 e5 8. Bg5 a6 9. Na3 b5 10. Bxf6 gxf6 11. Nd5 f5 12. g3 fxe4 13. Bg2 Bg7 14. Bxe4 Be6 15. Qh5 Rc8 16. O-O Ne7 17. Nxe7 Qxe7 18. Rad1 h6 19. Rd2 b4 20. Nb1 O-O 21. c3 a5 22. a3 f5 23. Bd5 e4 24. axb4 axb4 25. Rfd1 e3 26. Bxe6+ Qxe6 27. Rxd6 Qe4 28. Qe2 f4 29. f3 Qc4 30. R6d3 Rcd8 31. cxb4 Rxd3 32. Rxd3 Qc1+ 33. Rd1 Qxb2 34. Qxb2 Bxb2 35. Kf1 fxg3 36. hxg3 Rxf3+ 37. Ke2 Rxg3 38. b5 Be5 39. Na3 Bf4 40. Nc4 Rg2+ 1/2-1/2